Bundesländer an der Flagge erkennen - Quiz - Statistiken

Allgemein
  • Dieses Quiz wurde 141 mal gespielt
  • Das Durchschnittsergebnis liegt bei 12 aus 16
Antwortstatistiken
Bildquiz Antwort % Korrekt
Berlin
97%
Bayern
96%
Hamburg
90%
Nordrhein-Westfalen
85%
Niedersachsen
84%
Sachsen
79%
Bremen
77%
Hessen
74%
Baden-Württemberg
73%
Thüringen
73%
Sachsen-Anhalt
70%
Saarland
68%
Brandenburg
63%
Mecklenburg-Vorpommern
62%
Rheinland-Pfalz
62%
Schleswig-Holstein
62%
Keine übereinstimmenden Quizze gefunden
Verteilung der Resultate
Anzahl Personen mit jedem Resultat
Perzentil nach korrekt beantworteten Fragen
Ihre Resultats-Entwicklung
Sie haben dieses Quiz noch nicht gespielt